<?xml version="1.0" encoding="UTF-8"?>
<record
    xmlns:xsi="http://www.w3.org/2001/XMLSchema-instance"
    xsi:schemaLocation="http://www.loc.gov/MARC21/slim http://www.loc.gov/standards/marcxml/schema/MARC21slim.xsd"
    xmlns="http://www.loc.gov/MARC21/slim">

  <leader>00703nam a22001937a 4500</leader>
  <controlfield tag="005">20250820111859.0</controlfield>
  <datafield tag="010" ind1=" " ind2=" ">
    <subfield code="a">HIN-130232</subfield>
  </datafield>
  <datafield tag="020" ind1=" " ind2=" ">
    <subfield code="a">9788195218448</subfield>
    <subfield code="c">350.00</subfield>
  </datafield>
  <datafield tag="035" ind1=" " ind2=" ">
    <subfield code="a">HN-102578</subfield>
  </datafield>
  <datafield tag="037" ind1=" " ind2=" ">
    <subfield code="b">DBAD </subfield>
  </datafield>
  <datafield tag="082" ind1=" " ind2=" ">
    <subfield code="a">&#x909;</subfield>
  </datafield>
  <datafield tag="100" ind1=" " ind2=" ">
    <subfield code="a">&#x91C;&#x93E;&#x926;&#x93E;&#x935;&#x93E;&#x928;&#x940;, &#x91C;&#x92F;&#x93E;</subfield>
    <subfield code="9">84096</subfield>
  </datafield>
  <datafield tag="245" ind1=" " ind2=" ">
    <subfield code="a">&#x926;&#x947;&#x939; &#x915;&#x941;&#x920;&#x930;&#x93F;&#x92F;&#x93E;/</subfield>
    <subfield code="c">&#x91C;&#x92F;&#x93E; &#x91C;&#x93E;&#x926;&#x93E;&#x935;&#x93E;&#x928;&#x940;</subfield>
  </datafield>
  <datafield tag="250" ind1=" " ind2=" ">
    <subfield code="a">&#x92A;&#x94D;&#x930;&#x925;&#x92E; </subfield>
  </datafield>
  <datafield tag="260" ind1=" " ind2=" ">
    <subfield code="a">&#x928;&#x949;&#x90F;&#x921;&#x93E;</subfield>
    <subfield code="b">&#x938;&#x947;&#x924;&#x941; &#x92A;&#x94D;&#x930;&#x915;&#x93E;&#x936;&#x928; </subfield>
    <subfield code="c">2021</subfield>
  </datafield>
  <datafield tag="270" ind1=" " ind2=" ">
    <subfield code="a">&#x938;&#x940;-21 &#x938;&#x947;&#x915;&#x94D;&#x91F;&#x930;-65 &#x928;&#x949;&#x90F;&#x921;&#x93E;</subfield>
    <subfield code="b"> &#x928;&#x949;&#x90F;&#x921;&#x93E;</subfield>
    <subfield code="e">201301</subfield>
    <subfield code="m">Setuprakashan@gmail.com</subfield>
  </datafield>
  <datafield tag="300" ind1=" " ind2=" ">
    <subfield code="a">280 &#x92A;&#x943;.</subfield>
    <subfield code="c">20 &#x938;&#x947;&#x92E;&#x940; (&#x905;&#x91C;&#x93F;&#x932;&#x94D;&#x926;)</subfield>
  </datafield>
  <datafield tag="942" ind1=" " ind2=" ">
    <subfield code="c">HN</subfield>
    <subfield code="2">ddc</subfield>
    <subfield code="h">&#x909;</subfield>
    <subfield code="m">&#x91C;&#x93E;&#x926;&#x935;&#x93E;</subfield>
  </datafield>
  <datafield tag="999" ind1=" " ind2=" ">
    <subfield code="c">213023</subfield>
    <subfield code="d">213023</subfield>
  </datafield>
  <datafield tag="952" ind1=" " ind2=" ">
    <subfield code="0">0</subfield>
    <subfield code="1">0</subfield>
    <subfield code="4">0</subfield>
    <subfield code="7">0</subfield>
    <subfield code="8">FIC</subfield>
    <subfield code="a">ZLS</subfield>
    <subfield code="b">ZLS</subfield>
    <subfield code="d">2025-08-20</subfield>
    <subfield code="e">DBAD</subfield>
    <subfield code="g">350.00</subfield>
    <subfield code="l">1</subfield>
    <subfield code="o">&#x909; &#x91C;&#x93E;&#x926;&#x935;&#x93E;</subfield>
    <subfield code="p">HN-102578</subfield>
    <subfield code="r">2026-01-03 00:00:00</subfield>
    <subfield code="s">2025-12-13</subfield>
    <subfield code="t">1</subfield>
    <subfield code="v">350.00</subfield>
    <subfield code="w">2025-08-20</subfield>
    <subfield code="y">HN</subfield>
  </datafield>
</record>
